| 000 | 00532nam a2200169 a 4500 | ||
|---|---|---|---|
| 001 | 000016400 | ||
| 005 | 20200929164417.0 | ||
| 008 | 100304s1984 dr a 000 0 spa d | ||
| 040 | _aDO-SdBNP | ||
| 082 |
_a624.171 _bM538m |
||
| 100 | 1 |
_aMéndez Terrero, Julio César _936568 |
|
| 245 | 1 | 0 |
_aManual de análisis de cargas en estructuras / _cJulio César Méndez Terrero. |
| 260 |
_aSanto Domingo : _bTaller, _c1984. |
||
| 300 |
_a[66 p.] : _bil. ; _c23 cm. |
||
| 650 | 4 |
_aAnálisis estructurual _x(ingenieria) _936569 |
|
| 049 | _aBNPD | ||
| 999 |
_c15935 _d15935 |
||